| 000 | 00510nam a2200193Ia 4500 | ||
|---|---|---|---|
| 008 | 170918s9999 xx 000 0 und d | ||
| 020 | _a9780545073035 | ||
| 050 | _bM135 2006 | ||
| 100 | _aMcdonald, Megan | ||
| 245 | _aJudy moody around the world in 8 1/2 days / | ||
| 245 | _cMegan Mcdonald ; illustrated by Peter H. Reynolds. | ||
| 260 | _aNew York : | ||
| 260 | _bScholastic, | ||
| 260 | _c2006 | ||
| 300 | _a157 pages : | ||
| 300 | _bcolored illustration ; | ||
| 300 | _c19cm. | ||
| 500 | _a540 | ||
| 999 |
_c341616 _d341616 |
||